| 000 | 00916nam a2200301Ia 4500 | ||
|---|---|---|---|
| 005 | 20250425161840.0 | ||
| 008 | 250425s9999 xx 000 0 und d | ||
| 041 | _aspa | ||
| 043 | _asp | ||
| 082 | _a657.48 | ||
| 100 | _aANTHONY, ROBERT N. | ||
| 245 | 0 | _aLA CONTABILIDAD EN LA ADMINISTRACION DE EMPRESAS: TEXTO Y CASOS | |
| 250 | _aS.E. | ||
| 260 | _aBARCELONA | ||
| 260 |
_aEspaña _bUNION TIPOGRAFICA EDITORIAL HISPANO AMERICANA _c1980 |
||
| 300 | _a721 | ||
| 500 | _aBiblioteca de altos estudios comerciales | ||
| 500 | _aTítulo Traducido: MANAGEMENT ACCOUNTING:TEXT AND CASES | ||
| 650 | _aCONTABILIDAD FINANCIERA | ||
| 650 | _aCONTABILIDAD-ADMINISTRACION | ||
| 650 | _aCONTROL ADMINISTRATIVO | ||
| 650 | _aDEPRECIACION | ||
| 650 | _aPLANEACION | ||
| 700 |
_aMANUEL FAGOAGA C. _etraductor |
||
| 710 | _aUNION TIPOGRAFICA EDITORIAL HISPANO-AMERICANA | ||
| 942 | _c01 | ||
| 010 | _a32243 | ||
| 999 |
_c217379 _d217379 |
||